000 00474nam a2200181Ia 4500
008 230917s9999||||xx |||||||||||||| ||und||
020 _cGBP82
040 _e238748
_aMAIN
041 _aEnglish
082 _a572.838 R633I
100 _aRogers, Scott Orland
245 0 _aIntegrated molecular evolution
250 _a2nd ed.
260 _aBoca Raton
_bCRC Press
_c2017
300 _axix, p.
500 _a2657 09/03/2017 PBA17/1877 09/03/2017 Main Budget
942 _cBK
999 _c21871
_d21871